000 00455nam a2200181Ia 4500
008 170705s9999 xx 000 0 und d
020 _a9780439744676
245 _aFern the green fairy /
245 _cDaisy Meadows ; illustrated by Georgie Ripper.
260 _aNew York :
260 _bScholastic,
260 _c2003
300 _a67 pages :
300 _bcolor illustration ;
300 _c20cm.
440 _aRainbow magic.
500 _a570
999 _c336139
_d336139